[Event "5th V Nabokov Mem"]
[Site "Kyiv UKR"]
[Date "2007.06.07"]
[Round "5"]
[White "Perun,S"]
[Black "Solomaha,A"]
[Result "1-0"]
[WhiteElo "2356"]
[BlackElo "2307"]

1.Nf3 Nf6 2.c4 g6 3.Nc3 Bg7 4.e4 d6 5.d4 O-O 6.Be2 e5 7.O-O Nc6 8.dxe5 dxe5
9.Bg5 h6 10.Qxd8 Rxd8 11.Bxf6 Bxf6 12.Nd5 Bg7 13.Nxc7 Rb8 14.Rfd1 Bg4 15.Rxd8+ Rxd8
16.Rd1 Rxd1+ 17.Bxd1 Bxf3 18.Bxf3 Nd4 19.Bg4 Kf8 20.Bc8 b6 21.Nd5 Ke8 22.Kf1 h5
23.Ke1 Kd8 24.Bh3 Bh6 25.Kd1 Bg5 26.Nb4 Kc7 27.Nd3 f6 28.b4 Bh6 29.a3 Bg5
30.Ne1 Kd8 31.Nc2 Nxc2 32.Kxc2 h4 33.Be6 Bf4 34.g3 hxg3 35.fxg3 Be3 36.Bf7 g5
37.h4 Ke7 38.Bg6 gxh4 39.gxh4 Kd6 40.Kb3 Bf2 41.h5 Be3 42.Bf5 Kc6 43.Bc8 a5
44.Ka4 axb4 45.axb4  1-0

[Event "5th V Nabokov Mem"]
[Site "Kyiv UKR"]
[Date "2007.06.08"]
[Round "6"]
[White "Vedmediuc,S"]
[Black "Baryshpolets,A"]
[Result "1-0"]
[WhiteElo "2361"]
[BlackElo "2305"]

1.c4 Nf6 2.Nc3 g6 3.e4 d6 4.d4 Bg7 5.Nf3 O-O 6.Be2 e5 7.O-O Nc6 8.dxe5 dxe5
9.Bg5 Qe8 10.Rc1 h6 11.Be3 Qd8 12.h3 Be6 13.a3 Nh5 14.Nd5 Rc8 15.Qb3 Nd4
16.Nxd4 exd4 17.Bd2 Nf6 18.Bd3 Nd7 19.Bb4 Re8 20.Nf4 g5 21.Nxe6 Rxe6 22.Rfd1 c5
23.Be1 b6 24.Qa4 Ne5 25.Bf1 a5 26.Bd2 Qd6 27.b4 axb4 28.axb4 g4 29.Qb3 d3
30.bxc5 bxc5 31.Bc3 gxh3 32.Bxe5 Qxe5 33.g3 h2+ 34.Kxh2 Rf6 35.f4 Qxe4 36.Bxd3 Qc6
37.Re1 Qc7 38.Be4 Rb8 39.Qf3 h5 40.Bd5 h4 41.Rb1 hxg3+ 42.Kxg3 Rxb1 43.Re8+ Bf8
44.Qg4+ Kh7 45.Be4+ Rg6 46.Bxb1 Qd6 47.Bxg6+ fxg6 48.Qe2 Bg7 49.Re6 Qd4 50.Re4 Qd6
51.Kg2 Qf6 52.Kg3 Qd6 53.Re6 Qd4 54.Qe4 Qg1+ 55.Qg2 Qd4 56.Qh3+ Kg8 57.Re8+ Bf8
58.Qe6+ Kg7 59.Qe5+ Qxe5 60.Rxe5 Kf6 61.Kf3 Bd6 62.Rd5 Ke6 63.Ke4 Ke7 64.Rd3 Ke6
65.Rb3 Kd7 66.Rg3  1-0

[Event "National Open"]
[Site "Las Vegas USA"]
[Date "2007.06.08"]
[Round "2"]
[White "Vigorito,D"]
[Black "Tanaka,C"]
[Result "1-0"]
[WhiteElo "2358"]
[BlackElo "2116"]

1.d4 Nf6 2.c4 g6 3.Nc3 Bg7 4.e4 d6 5.Nf3 O-O 6.Be2 e5 7.O-O Nc6 8.d5 Ne7
9.Ne1 Nd7 10.Be3 f5 11.f3 f4 12.Bf2 g5 13.a4 Rf6 14.Nb5 Rg6 15.Nxa7 Nf6 16.Nxc8 Qxc8
17.h3 h5 18.Ra3 g4 19.fxg4 hxg4 20.Bxg4 Nxg4 21.hxg4 Rxg4 22.Rh3 Qd7 23.b3 Rf8
24.Kh2 Ng6 25.Nf3 Bf6 26.Rh1 Rf7 27.Kg1 Rg7 28.Rh6 Kf7 29.Rh7 Kg8 30.Rxg7+ Qxg7
31.Rh2 Nf8 32.b4 Be7 33.a5 Nd7 34.b5 Nc5 35.Bxc5 dxc5 36.a6 bxa6 37.bxa6 Rg6
38.Qa1  1-0

[Event "Baden Challenge III"]
[Site "Neuhausen GER"]
[Date "2007.06.08"]
[Round "6"]
[White "Iotov,V"]
[Black "Bogner,S"]
[Result "1-0"]
[WhiteElo "2491"]
[BlackElo "2345"]

1.d4 Nf6 2.c4 g6 3.Nc3 Bg7 4.e4 d6 5.Nf3 O-O 6.Be2 e5 7.O-O Nc6 8.d5 Ne7
9.Ne1 Nd7 10.Be3 f5 11.f3 f4 12.Bf2 g5 13.Rc1 Rf6 14.c5 Nxc5 15.b4 Na6 16.Nb5 Bd7
17.Nxa7 h5 18.Bxa6 bxa6 19.Qc2 Rg6 20.Qxc7 Qe8 21.Nd3 g4 22.Bh4 Bf6 23.Bxf6 Rxf6
24.Nxe5 dxe5 25.Qxe5 Rf7 26.Rc7 Qb8 27.Nc6 Bxc6 28.Rxe7 Qxe5 29.Rxe5 Bb5
30.Rc1 gxf3 31.gxf3 Rg7+ 32.Kf2 a5 33.d6 axb4 34.Rxb5 Rxa2+ 35.Kf1 Rgg2 36.Rc7  1-0

[Event "1st Alushta Summer"]
[Site "Alushta UKR"]
[Date "2007.06.09"]
[Round "10"]
[White "Lazarov,A RUS"]
[Black "Harutjunyan,G"]
[Result "1-0"]
[WhiteElo "2345"]
[BlackElo "2404"]

1.d4 Nf6 2.c4 g6 3.Nc3 Bg7 4.e4 d6 5.Nf3 O-O 6.Be2 e5 7.O-O Nc6 8.Be3 Ng4
9.Bg5 f6 10.Bh4 g5 11.Bg3 Nh6 12.d5 Ne7 13.Nd2 c5 14.dxc6 bxc6 15.b4 f5 16.exf5 d5
17.cxd5 cxd5 18.Qb3 Nhxf5 19.Nf3 e4 20.Nxe4 g4 21.Rad1 gxf3 22.Bxf3 Kh8 23.Nc3 Be6
24.Nxd5 Nxg3 25.hxg3 Rxf3 26.Qxf3 Bxd5 27.Qh5 Qg8 28.Rfe1 Bf7 29.Qc5 Nd5
30.b5 Nb6 31.a3 Bb3 32.Rc1 Rd8 33.Re7 Bd4 34.Qf5 Nd5 35.Rd7 Bxf2+ 36.Kxf2 Rxd7
37.Qxd7 Qf8+ 38.Kg1 Nb6 39.Qd4+ Kg8 40.Rc7 Be6 41.Rxa7 Nd5 42.b6 Qh6 43.b7  1-0

[Event "National Open"]
[Site "Las Vegas USA"]
[Date "2007.06.09"]
[Round "4"]
[White "Yanayt,E"]
[Black "Brownscombe,T"]
[Result "1-0"]
[WhiteElo "2332"]
[BlackElo "2199"]

1.Nf3 Nf6 2.c4 g6 3.Nc3 Bg7 4.e4 d6 5.d4 O-O 6.Be2 e5 7.O-O Nc6 8.d5 Ne7
9.Ne1 Nd7 10.Be3 f5 11.f3 f4 12.Bf2 g5 13.a4 Nf6 14.a5 h5 15.c5 Ng6 16.cxd6 cxd6
17.Nb5 a6 18.Bb6 Qe7 19.Nc7 Rb8 20.Rc1 Bd7 21.Nd3 g4 22.Ne6 gxf3 23.Bxf3 Bxe6
24.dxe6 Qxe6 25.Nb4 Rbc8 26.Rxc8 Rxc8 27.Nd5 Nxd5 28.exd5 Qf5 29.Bxh5 Rc2
30.Bg4 Qe4 31.Be6+ Kf8 32.Qg4 Nh4 33.Bf2 Qxg2+ 34.Qxg2 Nxg2 35.Kxg2 Rxb2
36.Kf3 Ra2 37.Ke4 Bf6 38.Kf5 Ke7 39.Rb1 Rxf2 40.Rxb7+ Kd8 41.Kxf6 e4 42.Rb4 e3
43.Rc4  1-0

[Event "1st Alushta Summer"]
[Site "Alushta UKR"]
[Date "2007.06.11"]
[Round "12"]
[White "Amanov,M"]
[Black "Kovalenko,I"]
[Result "1-0"]
[WhiteElo "2347"]
[BlackElo "2359"]

1.Nf3 Nf6 2.c4 g6 3.Nc3 Bg7 4.e4 d6 5.d4 O-O 6.Be2 e5 7.O-O Nc6 8.d5 Ne7
9.Ne1 Nd7 10.Nd3 f5 11.b4 a5 12.bxa5 Rxa5 13.f3 b6 14.Bd2 Ra8 15.a4 Nf6 16.Qb3 Kh8
17.Qb4 Rg8 18.Nf2 Nh5 19.Nb5 Nf4 20.Rfe1 g5 21.Bf1 g4 22.fxg4 fxg4 23.a5 bxa5
24.Rxa5 c5 25.Qa3 Rb8 26.Ra7 Neg6 27.Ba5 Qf6 28.Bc7 Rxb5 29.cxb5 Nh4 30.Re3 Bh6
31.Rg3 Nh5 32.Be2 Rf8 33.Nd1 Bd2 34.b6 Nf4 35.Bc4 Be1 36.b7 Bxb7 37.Rxb7 Bf2+
38.Kxf2 Nfxg2+ 39.Kg1  1-0

[Event "11th Master Open"]
[Site "Voronezh RUS"]
[Date "2007.06.13"]
[Round "2"]
[White "Rakhmanov,A"]
[Black "Morozov,E"]
[Result "1-0"]
[WhiteElo "2497"]
[BlackElo "2277"]

1.d4 Nf6 2.c4 g6 3.Nc3 Bg7 4.e4 d6 5.Nf3 O-O 6.Be2 e5 7.O-O Nc6 8.d5 Ne7
9.Nd2 c6 10.b4 a5 11.bxa5 Qxa5 12.Qc2 c5 13.Nb3 Qd8 14.Be3 Nd7 15.Nb5 Ra6
16.f3 f5 17.a4 f4 18.Bf2 h5 19.a5 g5 20.Rfb1 Rf7 21.Nxd6 Rxd6 22.Nxc5 Nxc5
23.Bxc5 Rg6 24.Bb6 Qe8 25.c5 g4 26.c6 Nxc6 27.dxc6 Qxc6 28.Qxc6 Rxc6 29.Bb5 Rh6
30.Rd1 Be6 31.Rac1 Bf8 32.Rd8 Kh7 33.Kh1 Ba3 34.Rcd1 Be7 35.Rb8 Bh4 36.Rc1 gxf3
37.gxf3 Bh3 38.Bf1 Bxf1 39.Rxf1 Rd6 40.Rg1  1-0

[Event "Atlantis Meestertienkamp"]
[Site "Groningen NED"]
[Date "2007.06.15"]
[Round "8"]
[White "Van Beek,Al"]
[Black "Kodentsov,G"]
[Result "0-1"]
[WhiteElo "2386"]
[BlackElo "2295"]

1.Nf3 Nf6 2.c4 g6 3.Nc3 Bg7 4.e4 d6 5.d4 O-O 6.Be2 e5 7.O-O Nc6 8.d5 Ne7
9.b4 Nh5 10.Re1 f5 11.Ng5 Nf6 12.Bf3 c6 13.b5 cxd5 14.cxd5 h6 15.Ne6 Bxe6
16.dxe6 fxe4 17.Nxe4 Nxe4 18.Bxe4 d5 19.Ba3 dxe4 20.Qxd8 Rfxd8 21.Bxe7 Re8
22.Bc5 Rxe6 23.Be3 a6 24.b6 Rd8 25.Rac1 Kf7 26.Rc7+ Re7 27.Bc5 Red7 28.g4 Ke6
29.Kg2 Rxc7 30.bxc7 Rc8 31.Bb6 Bf8 32.Rxe4 Bd6 33.f4 Kd5 34.fxe5 Bc5 35.Bxc5 Kxe4
36.Bd6 b5 37.Kf2 a5 38.Ke2 b4 39.Kd2 a4 40.Kc2 Kd4 41.Kb2 Kc4 42.h4 h5 43.g5 Kd4
44.Kc2 Kc4 45.Kb2 b3 46.axb3+ axb3 47.Kb1 Kc3 48.e6 Kc4 49.e7 Kd5 50.Bg3 Ke6
51.Kb2 Kxe7 52.Kxb3 Kd7 53.Kc4 Rf8 54.Kd5 Rf3 55.Be5 Rh3 56.c8=Q+ Kxc8 57.Ke6 Rxh4
58.Kf7 Re4 59.Bh2 h4 60.Kxg6 h3 61.Kf7 Re2 62.Bd6 Kd7 63.Bb8 Rf2+  0-1

[Event "Open"]
[Site "Teplice CZE"]
[Date "2007.06.16"]
[Round "1"]
[White "Dolezal,R1"]
[Black "Svitak,D"]
[Result "1-0"]
[WhiteElo "2425"]
[BlackElo "1769"]

1.d4 Nf6 2.c4 g6 3.Nc3 Bg7 4.e4 d6 5.Nf3 O-O 6.Be2 e5 7.O-O Nc6 8.dxe5 dxe5
9.Bg5 Qxd1 10.Rfxd1 Be6 11.Nd5 Nxe4 12.Nxc7 Rac8 13.Nxe6 fxe6 14.Be3 Nd4
15.Nxd4 exd4 16.Bxd4 Bxd4 17.Rxd4 Nxf2 18.Rf1 e5 19.Rd7 Ne4 20.Rxf8+ Rxf8
21.Rxb7 Rd8 22.Bf3 Nf6 23.c5 e4 24.Be2 Kf8 25.c6 Rc8 26.c7 Ke7 27.Rxa7 Nd5
28.Ba6 Rxc7 29.Rxc7+ Nxc7 30.Bb7  1-0

[Event "IV Open"]
[Site "Sanxenxo ESP"]
[Date "2007.06.17"]
[Round "2"]
[White "Graf,A"]
[Black "Zozulia,A"]
[Result "1-0"]
[WhiteElo "2620"]
[BlackElo "2344"]

1.d4 Nf6 2.c4 g6 3.Nc3 Bg7 4.e4 d6 5.Nf3 O-O 6.Be2 e5 7.O-O Nc6 8.d5 Ne7
9.Nd2 a5 10.a3 Nd7 11.Rb1 f5 12.b4 axb4 13.axb4 Bh6 14.Kh1 Nf6 15.f3 b6 16.c5 bxc5
17.bxc5 fxe4 18.fxe4 Ba6 19.Bxa6 Rxa6 20.Nf3 Bxc1 21.Qxc1 dxc5 22.Ng5 Qd7
23.Ne6 Rxe6 24.dxe6 Qxe6 25.Qe3 Qc4 26.Rf3 Kg7 27.h3 Nc6 28.Rbf1 Nd4 29.R3f2 Ne6
30.Kh2 Qd4 31.Qe1 Nf4 32.Ne2 Qxe4 33.Nxf4 exf4 34.Rxf4 Qxe1 35.Rxe1 h5 36.Re6 Rf7
37.Rc6 Nd5 38.Rxf7+ Kxf7 39.Kg3 g5 40.Kf3 Nf6 41.Rxc7+ Kg6 42.Rxc5 Nd7 43.Rc6+ Nf6
44.g3 Kf5 45.Rc5+ Kg6 46.Ra5 Ne8 47.Ra6+ Nf6 48.Ke3  1-0

[Event "XXV Balaton Open A"]
[Site "Balatonlelle HUN"]
[Date "2007.06.18"]
[Round "3"]
[White "Gonda,L"]
[Black "Papp,Ge"]
[Result "1/2-1/2"]
[WhiteElo "2501"]
[BlackElo "2430"]

1.d4 g6 2.c4 Bg7 3.e4 d6 4.Nc3 Nf6 5.Nf3 O-O 6.Be2 e5 7.O-O Nc6 8.d5 Ne7
9.Bg5 Nh5 10.Ne1 Nf4 11.Nd3 Nxe2+ 12.Qxe2 h6 13.Bd2 g5 14.f3 Ng6 15.g3 f5
16.c5 Rf7 17.cxd6 cxd6 18.exf5 Bxf5 19.Nf2 Rc8 20.Rac1 Rfc7 21.Be3 Rc4 22.Qd2 e4
23.fxe4 Ne5 24.Qe2 Bd7 25.h3 b5 26.Nb1 b4 27.b3 Rxc1 28.Rxc1 Rxc1+ 29.Bxc1 Qc8
30.Bb2 Qc5 31.Kg2 Bb5 32.Qd2 Ba6 33.Bd4 Qb5 34.Qd1 Qa5 35.Qd2 Qb5 36.Qd1 Qa5
37.Qd2 Qb5  1/2-1/2

[Event "11th Master Open"]
[Site "Voronezh RUS"]
[Date "2007.06.21"]
[Round "9"]
[White "Gleizerov,E"]
[Black "Voitsekhovsky,S"]
[Result "1/2-1/2"]
[WhiteElo "2570"]
[BlackElo "2503"]

1.d4 Nf6 2.c4 g6 3.Nc3 Bg7 4.e4 O-O 5.Nf3 d6 6.Be2 e5 7.O-O Nc6 8.d5 Ne7
9.Nd2 c5 10.dxc6 bxc6 11.b4 a6 12.Nb3 Re8 13.Bb2 Be6 14.Qd2 Qb8 15.Ba3 Rd8
16.Rfd1 Ne8 17.Na5  1/2-1/2

[Event "Open"]
[Site "Pula CRO"]
[Date "2007.06.24"]
[Round "2"]
[White "Tratar,M"]
[Black "Matko,M"]
[Result "1-0"]
[WhiteElo "2476"]
[BlackElo "2192"]

1.Nf3 g6 2.d4 Bg7 3.c4 d6 4.Nc3 Nf6 5.e4 O-O 6.Be2 e5 7.O-O Nc6 8.d5 Ne7
9.Nd2 a5 10.a3 Nd7 11.Rb1 f5 12.b4 Kh8 13.Qc2 axb4 14.axb4 Ng8 15.f3 f4 16.Nb5 Ndf6
17.c5 Rf7 18.Nc4 Bf8 19.Bd2 Nh5 20.Ra1 Rb8 21.Rfc1 g5 22.Na7 Rg7 23.Nxc8 Rxc8
24.Ra7 Nh6 25.Rxb7 g4 26.b5 Qh4 27.Be1 Ng3 28.c6 Be7 29.b6 Nxe2+ 30.Qxe2 Qh5
31.fxg4 Rxg4 32.bxc7 Qf7 33.Qf3 Bf8 34.Ba5 Rg8 35.Rcb1 Ng4 36.Rb8 Qe8 37.R1b7 Be7
38.Rxc8 Qxc8 39.Rb8 Nxh2 40.Kxh2 Qa6 41.Qg4 Bf8 42.Qxg8+ Kxg8 43.c8=Q  1-0

[Event "Narciso Yepes Mem"]
[Site "Lorca ESP"]
[Date "2007.06.25"]
[Round "2"]
[White "Pogorelov,R"]
[Black "Tello Nunez,A"]
[Result "1-0"]
[WhiteElo "2462"]
[BlackElo "2204"]

1.Nf3 Nf6 2.c4 g6 3.Nc3 Bg7 4.e4 d6 5.d4 O-O 6.Be2 e5 7.O-O Nc6 8.d5 Ne7
9.Ne1 Nd7 10.Be3 f5 11.f3 f4 12.Bf2 g5 13.a4 h5 14.a5 Nf6 15.c5 g4 16.cxd6 cxd6
17.Nb5 g3 18.Bxa7 gxh2+ 19.Kxh2 Rxa7 20.Nxa7 Nh7 21.Rh1 Ng6 22.b4 Bd7 23.Bb5 Qb8
24.Bxd7 Qxa7 25.Qd2 b5 26.Be6+ Kh8 27.Ra2 Bf6 28.Qf2 Qg7 29.Kg1 Ra8 30.Rxh5 Nf8
31.Bf5 Bd8 32.Rc2 Bc7 33.Qh4 Re8 34.Bxh7 Nxh7 35.Rxh7+  1-0

[Event "White Nights"]
[Site "St Petersburg RUS"]
[Date "2007.06.25"]
[Round "1"]
[White "Romanov,Va"]
[Black "Bodnaruk,A"]
[Result "0-1"]
[WhiteElo "2006"]
[BlackElo "2270"]

1.Nf3 Nf6 2.c4 g6 3.Nc3 Bg7 4.e4 d6 5.d4 O-O 6.Be2 e5 7.O-O Nc6 8.d5 Ne7
9.Nd2 c5 10.Rb1 Ne8 11.b4 b6 12.bxc5 bxc5 13.Qa4 f5 14.f3 Bh6 15.Nb3 Bxc1
16.Rfxc1 a5 17.Nd2 Nc7 18.Nb5 Na6 19.a3 f4 20.Nb3 Nb8 21.Nd2 g5 22.Nc3 h5
23.Qb3 Nd7 24.Na4 Ng6 25.Qc3 Nh4 26.Rb3 Kh7 27.Rcb1 Rg8 28.h3 Ra6 29.Qb2 Nf6
30.Nb6 Rxb6 31.Rxb6 g4 32.hxg4 hxg4 33.fxg4 Nxg4 34.Rb8 Ne3 35.Qb7+ Bxb7
36.R1xb7+ Kh6 37.Rxd8 Rxd8 38.Bf3 Rg8 39.Kf2 Nexg2 40.Rb6 Rg6 41.Ra6 Nxf3
42.Kxf3 Ne3 43.Ra8 Rg3+ 44.Ke2 Kg7 45.Ra7+ Kh6 46.Ra6 Kh5 47.Ra8 Kg4 48.Rg8+ Kh3
49.Rh8+ Kg2 50.Ra8 Nc2 51.Rxa5 f3+ 52.Kd3 Nxa3 53.Ke3 f2+ 54.Ke2 Nxc4  0-1

[Event "King's Gambit A"]
[Site "Lipetsk RUS"]
[Date "2007.06.27"]
[Round "7"]
[White "Gladyszev,O"]
[Black "Sjugirov,S"]
[Result "1-0"]
[WhiteElo "2485"]
[BlackElo "2395"]

1.d4 Nf6 2.c4 g6 3.Nc3 Bg7 4.e4 d6 5.Be2 O-O 6.Nf3 e5 7.O-O Nc6 8.d5 Ne7
9.Ne1 Nd7 10.Be3 f5 11.f3 f4 12.Bf2 g5 13.Rc1 Rf6 14.b4 Rh6 15.c5 a6 16.Na4 b5
17.cxb6 cxb6 18.Nd3 b5 19.Nc3 Qe8 20.Be1 Nf6 21.Nf2 Rg6 22.a4 Bd7 23.Ra1 Rb8
24.axb5 axb5 25.Ra6 Nc8 26.Qa1 h5 27.Ra8 Rxa8 28.Qxa8 g4 29.fxg4 hxg4 30.Bxb5 g3
31.hxg3 Rxg3 32.Bxd7 Nxd7 33.Nh3 Rg4 34.Rf3 Bf8 35.Kh1 Rg7 36.Qa6 Qg6 37.Rf2 Ncb6
38.Ra2 Be7 39.Qf1 Nf6 40.Bf2 Nh5 41.Be1 Ng3+ 42.Bxg3 Qxg3 43.Nd1 Qb3 44.Rb2 Qa4
45.Nhf2 Bh4 46.Qe2 Bg3 47.Qc2 Qe8 48.Nh3 Qg6 49.Qe2 Ra7 50.Rb1 Ra3 51.Rc1 Bh4
52.Ng1 Rg3 53.Rc3 Rg5 54.Rh3 Rg4 55.Nf3 Bd8 56.Rh2 Rg3 57.Nf2 Qg7 58.Qb5 Kf8
59.Qc6 Rg6 60.Nh3 Qf7 61.Nhg5 Bxg5 62.Nxg5 Rxg5 63.Qxd6+ Kg8 64.Qd8+  1-0

[Event "White Nights"]
[Site "St Petersburg RUS"]
[Date "2007.06.28"]
[Round "4"]
[White "Bebchuk,B"]
[Black "Shpartko,G"]
[Result "1-0"]
[WhiteElo "2182"]
[BlackElo "2048"]

1.d4 Nf6 2.c4 g6 3.Nc3 Bg7 4.e4 d6 5.Nf3 O-O 6.Be2 e5 7.O-O Nc6 8.d5 Ne7
9.Ne1 Ne8 10.Be3 f5 11.f3 f4 12.Bf2 g5 13.Nd3 Ng6 14.c5 Nh4 15.a4 Qf6 16.Nb5 a6
17.Na3 Qh6 18.cxd6 Nxd6 19.Nc5 Rf6 20.Rc1 Qh5 21.Ne6 Rh6 22.Bxh4 Qxh4 23.h3 Bxe6
24.dxe6 Qg3 25.Qe1 Qxe1 26.Rfxe1 c6 27.Red1 Rxe6 28.Nc4 Rd8 29.Na5 Kf8 30.Rc3 Rd7
31.Nb3 Rg6 32.Nc5 Rd8 33.Bc4 Ke7 34.Ba2 Bf8 35.Rb3 Ke8 36.Kf1 a5 37.Ke2 b5
38.Rc3 Ke7 39.Nd3 Bg7 40.Rxc6 Nxe4 41.Rc7+ Kd6 42.Rdc1 Ng3+ 43.Kf2 Rd7 44.Rxd7+ Kxd7
45.axb5 Rd6 46.Nc5+ Ke7 47.Rc2 Nf5 48.Ne4 Rd7 49.b6 Ne3 50.Rc7 Rxc7 51.bxc7 Kd7
52.Nxg5 Nd1+ 53.Ke2 Nxb2 54.Ne6 Bf6 55.Bd5 Kc8 56.Kd2 Na4 57.Kd3 Nb6 58.Ba2 Na8
59.Ke4 Nxc7 60.Nf8 h6 61.Ng6 Nb5 62.Kf5 Bg5 63.Kxe5 Nc3 64.Be6+ Kd8 65.Nxf4 a4
66.Nd5 Ne2 67.g4 a3 68.Nb4 Nf4 69.Nc2 Ke7 70.Bc4 Nxh3 71.Nxa3 Bc1 72.Nc2 Ng5
73.Bd5 Nf7+ 74.Kf5 Nd6+ 75.Kg6 Nb5 76.Nb4 Kd6 77.Bg8 Nc3 78.Nd3 Be3 79.f4 Ne4
80.f5 Bg5 81.Bb3 Nf6 82.Bd1 Kd5 83.Nf2 Ke5 84.Bf3 Kd4 85.Nh3 Nd7 86.Nxg5 Ne5+
87.Kxh6 Ke3 88.f6 Kf4 89.Kh5 Nd7 90.f7 Nf8 91.Kh6 Ke5 92.Kg7  1-0

[Event "Open"]
[Site "Pula CRO"]
[Date "2007.06.29"]
[Round "8"]
[White "Zierke,O"]
[Black "Saric,Iv"]
[Result "0-1"]
[WhiteElo "2313"]
[BlackElo "2463"]

1.d4 Nf6 2.Nf3 g6 3.c4 Bg7 4.Nc3 O-O 5.e4 d6 6.Be2 e5 7.O-O Nc6 8.d5 Ne7
9.Ne1 Nd7 10.Be3 f5 11.f3 f4 12.Bf2 g5 13.Rc1 Rf6 14.Nd3 Rh6 15.Be1 c5 16.a3 b6
17.b4 Rg6 18.Nf2 h5 19.h3 Kh8 20.Na4 Ng8 21.bxc5 bxc5 22.Rb1 Nh6 23.Qd2 Nf6
24.Nc3 g4 25.fxg4 hxg4 26.hxg4 Nfxg4 27.Ncd1 Nxf2 28.Nxf2 Bf6 29.Bf3 Bh4
30.Qa5 Qe7 31.Bc3 Bg3 32.Rfd1 Qh4 33.Be1 Ng4 34.Nxg4 Bxg4 35.Qc3 Qh2+ 36.Kf1 Qh1+  0-1

[Event "TCh-ESP Honor Gp2"]
[Site "Torrelavega ESP"]
[Date "2007.06.30"]
[Round "4"]
[White "Gurevich,M"]
[Black "Inarkiev,E"]
[Result "0-1"]
[WhiteElo "2635"]
[BlackElo "2669"]

1.d4 Nf6 2.c4 g6 3.Nc3 Bg7 4.e4 d6 5.Nf3 O-O 6.Be2 e5 7.O-O Nc6 8.d5 Ne7
9.Nd2 a5 10.a3 Bd7 11.Rb1 a4 12.b4 axb3 13.Nxb3 b6 14.Ra1 Ne8 15.a4 f5 16.f3 Nf6
17.Be3 Kh8 18.a5 bxa5 19.c5 a4 20.Nd2 dxc5 21.Nxa4 Nexd5 22.exd5 Nxd5 23.Nc4 Nxe3
24.Nxe3 e4 25.Nc4 Bb5 26.Nab2 Qxd1 27.Rfxd1 Bxb2 28.Nxb2 Bxe2 29.Re1 Rxa1
30.Rxa1 exf3 31.Kf2 Rb8  0-1

[Event "Summer GM"]
[Site "Lugansk UKR"]
[Date "2007.07.02"]
[Round "3"]
[White "Kobylkin,E"]
[Black "Kiselev,Vit2"]
[Result "0-1"]
[WhiteElo "2374"]
[BlackElo "2509"]

1.d4 Nf6 2.c4 g6 3.Nc3 Bg7 4.e4 O-O 5.Nf3 d6 6.Be2 e5 7.O-O Nc6 8.d5 Ne7
9.Ne1 Nd7 10.Be3 f5 11.f3 f4 12.Bf2 g5 13.a4 Rf6 14.a5 a6 15.Nd3 Qe8 16.c5 Rh6
17.cxd6 Qh5 18.h3 Nf6 19.dxe7 Bxh3 20.Bc5 Bxg2 21.Kf2 Qh4+ 22.Kg1 Qg3  0-1

[Event "White Nights"]
[Site "St Petersburg RUS"]
[Date "2007.07.02"]
[Round "8"]
[White "Turikov,V"]
[Black "Soloviov,Sergei"]
[Result "0-1"]
[WhiteElo "2367"]
[BlackElo "2422"]

1.Nf3 g6 2.c4 Bg7 3.Nc3 d6 4.d4 Nf6 5.e4 O-O 6.Be2 e5 7.O-O Nc6 8.dxe5 dxe5
9.Qxd8 Rxd8 10.Bg5 Rf8 11.Rfd1 Bg4 12.Kf1 Bxf3 13.Bxf3 Nd4 14.Nb5 Nxf3 15.gxf3 Rfc8
16.Bxf6 Bxf6 17.Rd7 c6 18.Nc3 Rab8 19.Rad1 Kf8 20.b4 Be7 21.c5 Rd8 22.Ke2 Rxd7
23.Rxd7 Ke8 24.Rd3 a5 25.a3 axb4 26.axb4 b6 27.cxb6 Rxb6 28.b5 cxb5 29.Nd5 Rc6
30.Rb3 Rc2+ 31.Kd3 Rxf2 32.Rxb5 Bd8 33.Rb8 Rxf3+ 34.Kc4 Rf1 35.Ra8 Rc1+ 36.Kb5 f5
37.Ra7 f4 38.Rxh7 f3 39.Rh8+ Kd7 40.Rf8 Rf1 41.Ne3 Be7 42.Rf7 Rb1+ 43.Kc4 Ke6
44.Rxf3 Rb4+ 45.Kd3 Rd4+ 46.Ke2 Rxe4 47.Rg3 g5 48.Rg4 Rxg4 49.Nxg4 Kf5 50.Ne3+ Ke4
51.Ng4 Bc5 52.h4 gxh4 53.Nxe5 h3 54.Nf3 Kf4 55.Nh2 Kg3 56.Nf3 Bb6 57.Nd2 Kg2
58.Nf3 Bf2 59.Nh2 Bh4 60.Nf1 Bg5 61.Ke1 Bc1 62.Ke2 Bd2  0-1

[Event "Spring A"]
[Site "Volodarskij RUS"]
[Date "2007.07.03"]
[Round "9"]
[White "Khruschiov,A"]
[Black "Nikolaenko,V"]
[Result "1-0"]
[WhiteElo "2453"]
[BlackElo "2188"]

1.d4 Nf6 2.c4 g6 3.Nc3 Bg7 4.e4 d6 5.Nf3 O-O 6.Be2 e5 7.O-O Nc6 8.d5 Ne7
9.Ne1 Nd7 10.Be3 f5 11.f3 f4 12.Bf2 h5 13.c5 Nxc5 14.b4 Na6 15.Nb5 g5 16.a4 Ng6
17.Rc1 Rf7 18.Nd3 Bh6 19.Rc3 Rg7 20.Nxa7 Bd7 21.b5 Nc5 22.Nxc5 dxc5 23.Nc6 bxc6
24.dxc6 Be6 25.Qxd8+ Rxd8 26.a5 Rd2 27.Re1 Rb2 28.Bxc5 Kf7 29.Ba3 Ra2 30.b6 Rg8
31.b7 Rxa3 32.Rxa3 Bf8 33.Rea1 Bc5+ 34.Kf1 Ba7 35.a6 Ke7 36.Rd3 Rb8 37.Rad1 Nf8
38.Rc3 Bf7 39.Bc4 Bxc4+ 40.Rxc4 g4 41.Rc3 Ne6 42.Rd7+ Kf6 43.g3 Rg8 44.Rcd3 gxf3
45.Rxf3 h4 46.Kg2 hxg3 47.hxg3 Rg4 48.Kh3 Rg6 49.gxf4 Nxf4+ 50.Rxf4+ exf4
51.Rxc7 f3 52.Rc8 f2 53.Rf8+ Kg7 54.c7 Rh6+ 55.Kg2 Rg6+ 56.Kf1 Rg1+ 57.Ke2 Kxf8
58.c8=Q+ Ke7 59.Qc7+ Ke6 60.Qc4+ Ke7 61.Qb4+ Ke6 62.Qb3+ Ke7 63.Qa3+ Ke8
64.b8=Q+ Bxb8 65.Kxf2 Ba7+ 66.Kf3 Rf1+ 67.Kg4  1-0

[Event "Asian Youth BU18"]
[Site "Tashkent UZB"]
[Date "2007.07.04"]
[Round "6"]
[White "Temirov,B"]
[Black "Nukin,A"]
[Result "1/2-1/2"]
[WhiteElo "2282"]
[BlackElo "2210"]

1.d4 Nf6 2.c4 g6 3.Nc3 Bg7 4.e4 d6 5.Nf3 O-O 6.Be2 e5 7.O-O Nc6 8.d5 Ne7
9.b4 a5 10.Ba3 axb4 11.Bxb4 Nd7 12.Nb5 Bh6 13.Qc2 b6 14.a4 Nc5 15.Nd2 f5
16.f3 Kh8 17.a5 Na6 18.Bc3 c6 19.dxc6 Nxc6 20.axb6 Qxb6+ 21.Kh1 Be6 22.exf5 Bxf5
23.Ne4 Nab4 24.Qb2 Rxa1 25.Rxa1 Bxe4 26.Bxb4 Nxb4 27.Qxb4 Qe3 28.Nxd6 Bc6
29.Re1 Qf2 30.Qc3 Bg7 31.Qc1 e4 32.Nxe4 Bxe4 33.fxe4 Ra8  1/2-1/2

[Event "Open A"]
[Site "Kowalewo Pomorskie POL "]
[Date "2007.07.05"]
[Round "3"]
[White "Czartoryski,P"]
[Black "Budrewicz,K"]
[Result "1/2-1/2"]
[WhiteElo "2066"]
[BlackElo "2224"]

1.d4 Nf6 2.c4 g6 3.Nc3 Bg7 4.e4 O-O 5.Be2 d6 6.Nf3 e5 7.O-O Nc6 8.d5 Ne7
9.b4 a5 10.bxa5 c5 11.dxc6 bxc6 12.Be3 c5 13.Nd2 Nc6 14.Nb3 Nd4 15.Bg5 Be6
16.Nd5 Bxd5 17.cxd5 Qd7 18.Bxf6 Bxf6 19.a6 Nxe2+ 20.Qxe2 Qa4  1/2-1/2

[Event "WGM"]
[Site "Bad Homburg GER"]
[Date "2007.07.06"]
[Round "1"]
[White "Nill,J"]
[Black "Mader,Ma"]
[Result "0-1"]
[WhiteElo "2238"]
[BlackElo "2204"]

1.d4 Nf6 2.c4 g6 3.Nc3 Bg7 4.e4 d6 5.Nf3 O-O 6.Be2 e5 7.O-O Nc6 8.d5 Ne7
9.Ne1 Nd7 10.Nd3 f5 11.Bd2 Nf6 12.f3 f4 13.c5 g5 14.cxd6 cxd6 15.Nf2 h5 16.Rc1 Ng6
17.h3 Rf7 18.Qb3 Bf8 19.Nb5 Rg7 20.Rc2 g4 21.fxg4 hxg4 22.hxg4 Nh4 23.Be1 Nh5
24.Rxc8 Rxc8 25.Nh1 f3 26.Bxh4 Qxh4 27.Bxf3 Nf6 28.Nf2 a6 29.Nc3 Rh7 30.Nh3 Nxg4
31.Ne2 Bh6 32.Bxg4 Qxg4 33.Qg3 Rg7 34.Qxg4 Rxg4 35.Rf6 Be3+ 36.Kh2 Rc2 37.Ng3 Bf4
38.Nxf4 exf4 39.Nf1 Rc1 40.Kg1 Rc2 41.Kh2 Rgxg2+ 42.Kh3 Rgf2 43.Rxd6 Rxf1
44.e5 Rg1  0-1

[Event "WGM"]
[Site "Bad Homburg GER"]
[Date "2007.07.08"]
[Round "3"]
[White "Zhao Xue"]
[Black "Kachiani,K"]
[Result "1-0"]
[WhiteElo "2500"]
[BlackElo "2405"]

1.d4 Nf6 2.c4 g6 3.Nc3 Bg7 4.e4 d6 5.Nf3 O-O 6.Be2 e5 7.O-O Nc6 8.d5 Ne7
9.Nd2 a5 10.b3 Bd7 11.a3 Kh8 12.Bb2 c5 13.Nb5 Nc8 14.Bc3 Ne8 15.b4 b6 16.bxc5 bxc5
17.a4 f5 18.exf5 gxf5 19.Qe1 Rg8 20.f4 e4 21.Nb3 Bxb5 22.axb5 a4 23.Ra3 Nb6
24.Bxg7+ Rxg7 25.Na1 Qf6 26.Nc2 Qg6 27.Ne3 Nf6 28.Qh4 Rf8 29.Rf2 h6 30.Bd1 Kh7
31.h3 h5 32.Kh2 Kg8 33.Be2 Kh8 34.Rf1 Rfg8 35.Kh1 Rh7 36.Kg1 Rhg7 37.Rf2 Rh7
38.Kf1 Rhg7 39.g4 fxg4 40.hxg4 Nxg4 41.Nxg4 Qh7 42.Rh2 Nxc4 43.Bxc4 Rxg4
44.Qf6+ R8g7 45.Rxa4 Qg6 46.Qxg6 Rxf4+ 47.Rf2 Rxf2+ 48.Kxf2 Rxg6 49.b6  1-0

[Event "South Wales Masters"]
[Site "Caerleon WLS"]
[Date "2007.07.08"]
[Round "2"]
[White "Pavlovic,Milos"]
[Black "Rudd,J"]
[Result "1/2-1/2"]
[WhiteElo "2534"]
[BlackElo "2385"]

1.Nf3 Nf6 2.c4 g6 3.Nc3 Bg7 4.e4 O-O 5.d4 d6 6.Be2 e5 7.O-O Nc6 8.d5 Ne7
9.a4 Nh5 10.a5 f5 11.Ng5 Nf6 12.Bf3 f4 13.Qb3 Kh8 14.Rd1 Rb8 15.c5 dxc5 16.Nb5 a6
17.Ne6 Bxe6 18.dxe6 Qc8 19.Nc3  1/2-1/2

[Event "Kaupthing Open"]
[Site "Differdange LUX"]
[Date "2007.07.08"]
[Round "2"]
[White "Stull,N"]
[Black "Musholt,J"]
[Result "1-0"]
[WhiteElo "2134"]
[BlackElo "1942"]

1.d4 Nf6 2.c4 g6 3.Nc3 Bg7 4.e4 d6 5.Nf3 O-O 6.Be2 e5 7.O-O Nc6 8.d5 Ne7
9.Ne1 a5 10.Be3 Nd7 11.Nd3 f5 12.f3 f4 13.Bf2 b6 14.Nb5 Nf6 15.Be1 g5 16.Nf2 h5
17.h3 Kh7 18.a4 Neg8 19.b4 axb4 20.Bxb4 Bd7 21.a5 Bxb5 22.cxb5 Rf7 23.axb6 Rxa1
24.bxc7 Qxc7 25.Qxa1 Bf8 26.Rc1 Qb6 27.Rc6 Qe3 28.Qb2 g4 29.hxg4 hxg4 30.fxg4 Nxe4
31.Bd3 Nf6 32.Qc2 Kg8 33.Bxe4 Ra7 34.Ra6 Nxg4 35.Bf3 Nf6 36.Rxa7 Qxa7 37.Qg6+ Bg7
38.Bxd6 Qa1+ 39.Kh2 Qe1 40.Qc2 e4 41.Qc8+ Kh7 42.Qf5+ Kh8 43.Nxe4 Nxd5 44.Qh5+ Kg8
45.Qxd5+  1-0

[Event "Kaupthing Open"]
[Site "Differdange LUX"]
[Date "2007.07.08"]
[Round "2"]
[White "Henrichs,T"]
[Black "Valuet,B"]
[Result "1-0"]
[WhiteElo "2496"]
[BlackElo "2303"]

1.d4 Nf6 2.c4 g6 3.Nc3 Bg7 4.e4 d6 5.Nf3 O-O 6.Be2 e5 7.O-O Nc6 8.d5 Ne7
9.Nd2 a5 10.a3 Bd7 11.b3 c6 12.Bb2 Qb8 13.b4 axb4 14.axb4 Rxa1 15.Qxa1 Nh5
16.Bxh5 gxh5 17.c5 b5 18.Nb3 f5 19.Qd1 Rf6 20.dxc6 Nxc6 21.Nd5 Rg6 22.f4 Qa7
23.fxe5 fxe4 24.Nf6+ Kh8 25.Qxh5 Bxf6 26.exf6 Ne5 27.f7  1-0